The origins of the English novel, 1600-1740 /

Bibliographic Details
Main Author: McKeon, Michael, 1943-
Format: Book
Language:English
Published: Baltimore : Johns Hopkins University Press, [1987]
Subjects:

MARC

Tag First Indicator Second Indicator Subfields
LEADER 00000pam a2200000 a 4500
001 in00000593113
005 20151014075805.0
008 860702s1987 mdu b 00110 eng
010 |a  86018495  
020 |a 0801832918 (alk. paper) 
035 |a (OCoLC)13904549 
035 |9 ACP8006AM 
040 |a DLC  |c DLC  |d m/c  |d TXA  |d UtOrBLW 
043 |a e-uk--- 
049 |a TXAM  |c [A10136606] 
050 0 0 |a PR841  |b .M3 1987 
082 0 |a 823/.009  |2 19 
100 1 |a McKeon, Michael,  |d 1943- 
245 1 4 |a The origins of the English novel, 1600-1740 /  |c Michael McKeon. 
264 1 |a Baltimore :  |b Johns Hopkins University Press,  |c [1987] 
264 4 |c ©1987 
300 |a xi, 529 pages ;  |c 25 cm. 
336 |a text  |b txt  |2 rdacontent 
337 |a unmediated  |b n  |2 rdamedia 
338 |a volume  |b nc  |2 rdacarrier 
500 |a Includes index. 
504 |a Bibliography: pages 423-509. 
650 0 |a English fiction  |y Early modern, 1500-1700  |x History and criticism. 
650 0 |a English fiction  |y 18th century  |x History and criticism. 
999 |a MARS 
999 f f |s b03ca2d5-bd02-3efb-ba86-d1bef6811670  |i 7845d518-5f88-36e8-bb68-5ead523b8c46  |t 0 
952 f f |p normal  |a Texas A&M University  |b College Station  |c Sterling C. Evans Library  |d Evans: Library Stacks  |t 0  |e PR841 .M3 1987  |h Library of Congress classification  |i unmediated -- volume  |m A14810136606 
998 f f |a PR841 .M3 1987  |t 0  |l Evans: Library Stacks